Las reformas de los sistemas de salud en Costa Rica = Reform of health systems in Costa Rica /
El presente artículo pretende reseñar las reformas en el sistema de salud de Costa Rica, las cuales son: la reforma de la década de los años cuarenta, setenta y noventa. Señala los factores que mediaron en las reformas a partir de la identificación de los a) actores, b) el fenómeno del poder, c) la...
Na minha lista:
| Autor principal: | |
|---|---|
| Autor Corporativo: | |
| Formato: | Anais de Congresso |
| Assuntos: | |
| Tags: |
Adicionar Tag
Sem tags, seja o primeiro a adicionar uma tag!
|
MARC
| LEADER | 00000 a a2200000 04500 | ||
|---|---|---|---|
| 001 | 45117 | ||
| 003 | |||
| 040 | |||
| 100 | |a Vargas Brenes, Juan Rafael | ||
| 245 | |a Las reformas de los sistemas de salud en Costa Rica = |b Reform of health systems in Costa Rica / |c Juan Rafael Vargas Brenes | ||
| 500 | |a jrvargas@fce.ucr.ac.cr | ||
| 520 | |a El presente artículo pretende reseñar las reformas en el sistema de salud de Costa Rica, las cuales son: la reforma de la década de los años cuarenta, setenta y noventa. Señala los factores que mediaron en las reformas a partir de la identificación de los a) actores, b) el fenómeno del poder, c) la posición de éstos en términos del espectro ideológico y d) la percepción de los ciudadanos de la institucionalidad involucrada y las políticas que se proponen. | ||
| 590 | |a AMB/MAYO2014 | ||
| 650 | |a A)SALUD | ||
| 650 | |a B)REFORMA SOCIAL | ||
| 650 | |a C)COSTA RICA | ||
| 711 | |a Jornadas de Investigación Interdisciplinarias en Ciencias Sociales | ||
| 711 | |n ( | ||
| 711 | |d 2011 30 de agosto-02 de setiembre : | ||
| 711 | |c San José, Costa Rica) | ||
| 773 | |g Número Especial ( , 2011), páginas 181-190 : gráficos | ||
| 999 | |c 28868 |d 28868 | ||
